[Event "It"]
[Site "masterchessopen.com Bucharest (Romania)"]
[Round "0"]
[White "Golombek Harry (ENG)"]
[Black "O'kelly De Galway Alberic (BEL)"]
[Result "0-1"]
[WhiteElo "2320"]
[BlackElo "2460"]

1.d4 Nf6 2.Nf3 g6 3.g3 Bg7 4.Bg2 d5 5.O-O O-O 6.c4 c6 7.Nbd2 Ne4 8.Qb3 Qb6
9.Qxb6 axb6 10.cxd5 cxd5 11.Ne5 Nxd2 12.Bxd2 Nc6 13.Nxc6 bxc6 14.e3 Bb7 15.Bc3
Ra7 16.Rfc1 Rfa8 17.a3 e6 18.Rc2 Bf8 19.Rac1 Ba6 20.Rd2 Bc4 21.e4 Rd8 22.exd5
cxd5 23.Bf1 Rc8 24.Bxc4 Rxc4 25.Rd3 b5 26.Rcd1 b4 27.Bxb4 Bxb4 28.axb4 Rxb4
29.b3 Ra2 30.Rb1 Kf8 31.Kg2 Re2 32.Ra1 Rb2 33.Ra3 Rb7 34.Kf3 Rc7 35.Kg2 Kg7
36.Ra4 g5 37.h3 h5 38.g4 Rb7 39.Ra3 Kg6 40.gxh5+ Kxh5 41.Rf3 Kg6 42.Ra8 R2xb3
43.Rg8+ Kh7 44.Rxb3 Rxb3 45.Rxg5 Rd3 46.Rg4 f5 47.Rf4 Kg6 48.h4 Kh5 49.f3 Rd2+
50.Kg3 Ra2 51.Kh3 Ra4 52.Kg3 Kg6 53.h5+ Kxh5 54.Rh4+ Kg5 {#R} 0-1

[Event "Ch URS (team)"]
[Site "masterchessopen.com Riga (Latvia)"]
[Round "7"]
[White "Poljak Srebrenka (CRO)"]
[Black "Moisieev Oleg L (RUS)"]
[Result "1-0"]
[WhiteElo "2008"]
[BlackElo "2385"]

1.c4 Nf6 2.Nf3 g6 3.d4 Bg7 4.g3 O-O 5.Bg2 c6 6.O-O d5 7.Nbd2 Nbd7 8.cxd5 cxd5
9.b3 b5 10.Bb2 Qb6 11.Ne1 a5 12.Nd3 b4 13.Rc1 Ba6 14.Nc5 Bb5 15.a4 Bc6 16.Nd3
e6 17.Qc2 Rac8 18.Qb1 Rc7 19.e3 Rfc8 20.Nc5 Bf8 21.Rc2 Be7 22.Rfc1 Nxc5
23.dxc5 Qa7 24.Be5 Rd7 25.Qb2 Ne8 26.f4 f6 27.Bd4 Kf7 28.g4 h6 29.h4 g5
30.hxg5 hxg5 31.Nf3 gxf4 32.exf4 Qc7 33.Rf2 Kg8 34.g5 Qxf4 35.gxf6 Bxf6
36.Bxf6 Qxf6 37.Ne5 Qg5 38.Rcf1 Ng7 39.Rf4 Re7 40.R1f3 d4 41.Nxc6 Rxc6 42.Rf8+
Kh7 43.Rh3+ Nh5 44.Qxd4 e5 45.Qe4+ Kg7 46.Rf5 Qc1+ 47.Kh2 Rg6 48.Rfxh5 Qf4+
49.Qxf4 exf4 50.Rh7+ Kf6 51.Rxe7 Kxe7 52.c6 Kd8 53.Rh7 {#r} 1-0

[Event "It"]
[Site "masterchessopen.com Reykjavik (Iceland)"]
[Round "4"]
[White "Palmason Gudmundur (ISL)"]
[Black "Johannesson Bjorn (ISL)"]
[Result "1-0"]
[WhiteElo "2270"]
[BlackElo "2255"]

1.d4 Nf6 2.c4 g6 3.g3 c6 4.Bg2 d5 5.Nf3 Bg7 6.O-O O-O 7.Nbd2 Nbd7 8.b3 Re8
9.Bb2 Nh5 10.e4 dxc4 11.Nxc4 c5 12.e5 cxd4 13.Bxd4 b5 14.Ng5 bxc4 15.Bxa8 e6
16.Nf3 Ba6 17.Be4 cxb3 18.Re1 bxa2 19.Qa4 Bc8 20.Qxa7 Nf8 21.Rxa2 Bd7 22.Rb1
Bh6 23.Bb6 Qb8 24.Bc5 Qxa7 25.Rxa7 Bc8 26.Bc6 Rd8 27.Ra8 {#r} 1-0

[Event "Ch Bulgaria"]
[Site "masterchessopen.com Sofia (Bulgaria)"]
[Round "5"]
[White "Kolarov Atanas S (BUL)"]
[Black "Prahov Valentin (BUL)"]
[Result "1-0"]
[WhiteElo "2415"]
[BlackElo "2224"]

1.d4 Nf6 2.c4 g6 3.Nf3 Bg7 4.g3 O-O 5.Bg2 c6 6.O-O d5 7.Nbd2 Qb6 8.b3 a5 9.Bb2
a4 10.Re1 axb3 11.axb3 Rxa1 12.Qxa1 Na6 13.Ne5 Bf5 14.c5 Qd8 15.Nxc6 Qe8
16.Ne5 Nd7 17.Nef3 Nb4 18.Qa5 Nc6 19.Qb5 Qc8 20.e4 dxe4 21.Nxe4 Bxe4 22.Rxe4
e6 23.Qc4 Nf6 24.Re2 Nd5 25.Ng5 Rd8 26.Ne4 Qc7 27.h4 Bf8 28.h5 Qa5 29.Nc3 Nce7
30.Nxd5 Nxd5 31.Bf3 Bg7 32.Kg2 g5 33.b4 Qa4 34.Bxd5 Rxd5 35.Rc2 h6 36.b5 Qxc4
37.Rxc4 Rd8 38.Ra4 Kf8 39.Ra7 Rb8 40.Kf3 Ke8 41.Ke4 Bf6 42.Bc3 {#r} 1-0

[Event "It"]
[Site "masterchessopen.com Buenos Aires (Argentina)"]
[Round "0"]
[White "Espinosa Rafael Mex (MEX)"]
[Black "Bartis Gustavo (ARG)"]
[Result "1-0"]
[WhiteElo "2403"]
[BlackElo "2250"]

1.Nf3 Nf6 2.g3 d5 3.d4 g6 4.Bg2 Bg7 5.O-O O-O 6.Nbd2 c6 7.c4 Nbd7 8.b3 a5
9.Bb2 a4 10.Qc2 Nb6 11.c5 Bf5 12.Qc1 Nbd7 13.b4 Ne8 14.h3 h5 15.Nh4 Nc7
16.Nxf5 gxf5 17.Nf3 e6 18.a3 Qf6 19.e3 Bh6 20.Qd1 Kh7 21.Nh4 Rg8 22.Qxh5 Rg5
23.Qe2 Rag8 24.Nf3 R5g7 25.Kh1 Qe7 26.Rg1 Nf6 27.Ne5 Ne4 28.Bxe4 dxe4 29.Rg2
Nd5 30.Rag1 f6 31.Nc4 Rg6 32.f4 exf3 33.Qxf3 Qg7 34.Bc1 Qc7 35.Bd2 R8g7 36.Nd6
b5 37.Ne8 Qd7 38.Nxg7 Rxg7 39.g4 fxg4 40.Rxg4 Rxg4 41.Qxg4 Qf7 42.e4 Bxd2
43.exd5 cxd5 44.c6 f5 45.Qg7+ {#r} 1-0

[Event "Ch Ukraine"]
[Site "masterchessopen.com Kiev (Ukraine)"]
[Round "9"]
[White "Feldman Steven (USA)"]
[Black "Rotstein Efim (GER)"]
[Result "0-1"]
[WhiteElo "2241"]
[BlackElo "2341"]

1.g3 Nf6 2.Bg2 g6 3.Nf3 Bg7 4.O-O O-O 5.d4 d5 6.c4 c6 7.Nbd2 Na6 8.Ne5 Bf5
9.f3 Nb4 10.Kh1 Nc2 11.e4 dxe4 12.fxe4 Nxa1 13.exf5 Qxd4 14.Nef3 Qd3 15.Ne1
Qd7 16.b3 Rad8 17.Rf2 gxf5 18.h3 Ne4 19.Bxe4 fxe4 20.Qe2 f5 21.Ba3 Qxd2
22.Qxd2 Rxd2 23.Rxd2 Bc3 24.Rd1 Bxe1 25.Rxa1 Bxg3 26.Rg1 f4 27.Bxe7 Rf7 28.Bd6
Rg7 29.Be5 Rg6 30.h4 {#R} 0-1

[Event "Olympiad"]
[Site "masterchessopen.com Leipzig (Germany)"]
[Round "11"]
[White "Bialas Wolfram (GER)"]
[Black "Kramer Haije J (NED)"]
[Result "1-0"]
[WhiteElo "2325"]
[BlackElo "2330"]

1.Nf3 Nf6 2.g3 g6 3.Bg2 Bg7 4.O-O O-O 5.d4 d5 6.c4 c6 7.Nbd2 Nbd7 8.Re1 Re8
9.h3 Ne4 10.cxd5 cxd5 11.Nxe4 dxe4 12.Ng5 Nf6 13.Qb3 Rf8 14.Rd1 Qa5 15.Bd2 Qa6
16.Bb4 h6 17.Nxe4 Nxe4 18.Bxe4 Qxe2 19.Re1 Qh5 20.Bxe7 Re8 21.g4 Bxg4 22.hxg4
Qxg4+ 23.Bg2 Bxd4 24.Re4 Qf5 25.Rxd4 Rxe7 26.Rad1 Rae8 27.Rd8 b6 28.Qa3 Qg4
29.Qxe7 Qxd1+ 30.Rxd1 Rxe7 31.Bf1 Kg7 32.Bb5 f5 33.Rd7 Rxd7 34.Bxd7 Kf6 35.Kg2
g5 36.Be8 g4 37.f4 gxf3+ 38.Kxf3 Kg5 39.Bb5 h5 40.Bd3 f4 41.Bf1 Kf5 42.Bh3+
Ke5 43.Bc8 b5 44.Ba6 b4 45.a4 bxa3 46.bxa3 h4 47.Bc8 {#r} 1-0

[Event "Memorial Em.Lasker"]
[Site "masterchessopen.com Berlin (Germany)"]
[Round "14"]
[White "Uhlmann Wolfgang (GER)"]
[Black "Raetsch Heinz (GER)"]
[Result "1-0"]
[WhiteElo "2379"]
[BlackElo "2252"]

1.d4 Nf6 2.c4 g6 3.g3 c6 4.Nf3 Bg7 5.Bg2 O-O 6.O-O d5 7.Nbd2 Nbd7 8.b3 Re8
9.Bb2 Nf8 10.Re1 Ne4 11.e3 Bg4 12.h3 Bd7 13.Rc1 f5 14.Ne5 e6 15.Nf1 Nf6 16.Rc2
g5 17.f3 Ng6 18.e4 f4 19.Nxg6 hxg6 20.e5 Nh7 21.Nh2 g4 22.Nxg4 fxg3 23.f4 Qh4
24.Rc3 Rf8 25.Bc1 Rf5 26.Qd3 Bf8 27.Qxg3 Qxg3 28.Rxg3 Kg7 29.Bf1 Be7 30.Rg2
Rh5 31.Re3 Rh8 32.Nf2 Nf8 33.Be2 Rh4 34.Bg4 c5 35.cxd5 cxd4 36.Reg3 g5 37.dxe6
{#r} 1-0

[Event "Memorial Asztalos"]
[Site "masterchessopen.com Kecskemet (Hungary)"]
[Date "1962.07.11"]
[Round "3"]
[White "Lengyel Levente (HUN)"]
[Black "Paoli Enrico (ITA)"]
[Result "1-0"]
[WhiteElo "2293"]
[BlackElo "2300"]

1.Nf3 Nf6 2.g3 g6 3.Bg2 Bg7 4.d4 d5 5.O-O O-O 6.c4 c6 7.Nbd2 Ne4 8.e3 f5 9.b3
Nd7 10.Bb2 e6 11.Ne1 b6 12.Nd3 Bb7 13.f3 Nxd2 14.Qxd2 Rc8 15.e4 Re8 16.Rad1
Qc7 17.Rfe1 Qb8 18.Re2 dxc4 19.bxc4 Ba6 20.Rc1 c5 21.d5 Bxb2 22.Nxb2 fxe4
23.Rxe4 e5 24.Qg5 Qd6 25.Rce1 Qf6 26.Qe3 Rf8 27.Bh3 Rcd8 28.Be6+ Kg7 29.Bxd7
Rxd7 30.Nd3 Qxf3 31.Qxf3 Rxf3 32.Nxe5 Rdf7 33.d6 Bb7 34.R4e2 {#r} 1-0

[Event "Memorial L.Asztalos"]
[Site "masterchessopen.com Miskolc (Hungary)"]
[Round "8"]
[White "Bilek Istvan (HUN)"]
[Black "Filip Miroslav (CZE)"]
[Result "1-0"]
[WhiteElo "2375"]
[BlackElo "2465"]

1.d4 Nf6 2.Nf3 g6 3.g3 d5 4.Bg2 Bg7 5.O-O O-O 6.c4 c6 7.Nbd2 Ne4 8.cxd5 cxd5
9.Ne5 Nxd2 10.Bxd2 Nd7 11.Bc3 Nb6 12.a4 a5 13.Qd2 f6 14.Nd3 Nc4 15.Qe1 e6
16.e4 dxe4 17.Qxe4 Nd6 18.Qe2 Nf5 19.Nc5 Qb6 20.Rfe1 Re8 21.Qc4 Nd6 22.Qa2 Nf7
23.Bd5 Nd8 24.Re3 Qd6 25.Rae1 Kf7 26.Ne4 Qd7 27.Bc4 {#r} 1-0

[Event "It"]
[Site "masterchessopen.com Pecs (Hungary)"]
[Round "9"]
[White "Malich Burkhard Dr (GER)"]
[Black "Czerniak Moshe (ISR)"]
[Result "1-0"]
[WhiteElo "2347"]
[BlackElo "2385"]

1.d4 Nf6 2.Nf3 d5 3.c4 c6 4.Nbd2 g6 5.g3 Bg7 6.Bg2 O-O 7.O-O Ne4 8.cxd5 cxd5
9.Ne5 f6 10.Nd3 f5 11.Nf3 Nc6 12.e3 Qd6 13.b3 g5 14.Bb2 Qh6 15.Nfe5 Nd8 16.Ba3
Re8 17.Rc1 b6 18.Rc7 Bf8 19.Nb4 e6 20.Qc1 Bb7 21.Nbd3 Ba6 22.Rd1 Bxd3 23.Bxf8
Qxf8 24.Rxd3 Re7 25.Bxe4 fxe4 26.Rdc3 Nf7 27.Rxe7 Nxe5 28.Rcc7 Nd3 29.Qc2 h5
30.f4 h4 31.Qc6 {#r} 1-0

[Event "Ch Europe (team) (1/2 final)"]
[Site "masterchessopen.com Sinaya (Romania)"]
[Date "1964.08.06"]
[Round "2"]
[White "Maedler Juergen Dr (GER)"]
[Black "Soos Bela (GER)"]
[Result "0-1"]
[WhiteElo "2241"]
[BlackElo "2281"]

1.d4 d5 2.Nf3 Nf6 3.g3 g6 4.Bg2 Bg7 5.O-O O-O 6.Nbd2 c6 7.c4 Nbd7 8.b3 a5 9.a4
Re8 10.Bb2 Qb6 11.Re1 Nf8 12.h3 Bf5 13.Nh4 Be6 14.Qc2 Rac8 15.c5 Qc7 16.Ba3
Ra8 17.b4 axb4 18.Bxb4 Qd7 19.Kh2 Ne4 20.Bxe4 dxe4 21.e3 f5 22.Nc4 Qc7 23.Nb6
Ra6 24.Ng2 g5 25.Rad1 Nd7 26.a5 Nxb6 27.cxb6 Qd7 28.Re2 Bd5 29.h4 h6 30.Rh1
Bf6 31.Kg1 Kg7 32.Qc5 Qe6 33.Rc2 Rd8 34.hxg5 hxg5 35.Rc1 Bb3 36.Qc3 Raa8
37.Kf1 Ba4 38.Qb2 Bb5+ 39.Ke1 Rh8 40.Kd2 Rad8 41.Kc2 Bd3+ 42.Kd2 Kf7 43.Bc5
Qd5 44.Rxh8 Rxh8 45.Ne1 Bb5 46.Rc2 f4 47.gxf4 gxf4 48.exf4 Rh2 49.Kc1 Rh1
50.Qb4 e3 51.fxe3 Bh4 52.Kb2 Rxe1 53.Bxe7 Qh1 {#R} 0-1

[Event "Ch Hungary"]
[Site "masterchessopen.com Budapest (Hungary)"]
[Round "0"]
[White "Kluger Gyula (HUN)"]
[Black "Navarovszky Laszlo (HUN)"]
[Result "1-0"]
[WhiteElo "2250"]
[BlackElo "2280"]

1.d4 Nf6 2.c4 g6 3.Nf3 Bg7 4.g3 O-O 5.Bg2 c6 6.O-O d5 7.Nbd2 Bf5 8.Qb3 Qb6
9.Nh4 Bc8 10.e3 Rd8 11.Rd1 Bg4 12.Re1 Na6 13.h3 Be6 14.c5 Qxb3 15.Nxb3 b6
16.Bf1 Bc8 17.Bd2 Ne4 18.Rac1 Nb8 19.Nf3 Bb7 20.Bd3 Nd7 21.Rc2 h6 22.Rec1 e5
23.Be1 bxc5 24.dxc5 Bf8 25.Bf1 Bg7 26.Na5 Rab8 27.b4 d4 28.b5 Rdc8 29.a4 Ndxc5
30.Rxc5 Nxc5 31.Rxc5 cxb5 32.Nxb7 bxa4 33.Rxc8+ Rxc8 34.exd4 exd4 35.Nd6 Rc1
36.Nc4 Ra1 37.Bb4 a5 38.Bc5 Bf8 39.Bxd4 Rc1 40.Bb2 Rc2 41.Bd3 Rxb2 42.Nxb2 a3
43.Bb1 axb2 44.Ne5 a4 45.g4 Kg7 46.Kg2 a3 47.Kf3 Bc5 48.Nd3 Be7 49.Ke4 Bh4
50.f3 Be7 51.Nf4 Bd6 52.Nd5 Bb8 53.Nb6 Bd6 54.Nd7 Bb4 55.Ba2 Be7 56.f4 Bd8
57.Bb1 Bh4 58.Nb6 Be7 59.Nd5 Bd6 60.Ba2 Bb8 61.Ne3 Bd6 62.Nd5 Bb8 63.h4 Bd6
64.Bb1 Bc5 65.f5 gxf5+ 66.Kxf5 Bf2 67.h5 Bh4 68.Ne3 Bg5 69.Nc4 Be7 70.Ba2 Bc5
71.Ke5 Be7 72.Ne3 Bf6+ 73.Kd6 Bg5 74.Nd5 Bh4 75.Kc5 Bg3 76.Kb4 Bd6+ 77.Kb3 f5
78.gxf5 Bf8 79.Kc4 Bd6 80.Kd4 Kf7 81.Ke4 Bg3 82.Bb1 Bd6 83.Kd3 Bg3 84.Kc4 Bd6
85.Kb5 Be5 86.Kc5 Bh2 87.Kc6 Bg3 88.Kd7 Be5 89.Ne3 a2 90.Bxa2+ Kf6 91.Bb1 Bd4
92.Nc4 Kg5 93.Ke6 Kxh5 94.Ne5 Bc3 95.f6 Kg5 96.f7 Bb4 97.Nd3 Bf8 98.Nxb2 h5
99.Nd3 h4 100.Nf2 Ba3 101.Nh3+ Kh6 102.Kd7 Kg7 103.Ke8 Bb4 104.Nf4 Ba3 105.Nd5
{#r} 1-0

[Event "It \"]
[Site "masterchessopen.com Beverwijk (Netherlands)"]
[Round "7"]
[White "Van Scheltinga Theo D (NED)"]
[Black "Bachtiar Arovah (INA)"]
[Result "1-0"]
[WhiteElo "2325"]
[BlackElo "2285"]

1.Nf3 Nf6 2.c4 g6 3.d4 Bg7 4.g3 O-O 5.Bg2 d5 6.O-O c6 7.Nbd2 Nbd7 8.Qc2 Nb6
9.c5 Nbd7 10.b4 a5 11.bxa5 Qxa5 12.a4 Re8 13.Nb3 Qd8 14.Bb2 Ne4 15.Ne5 f5
16.a5 Qc7 17.f3 Nef6 18.Bc3 Nxe5 19.dxe5 Nd7 20.f4 Nf8 21.Nd4 Ne6 22.Nxe6 Bxe6
23.e3 Red8 24.Rfd1 g5 25.Qb2 gxf4 26.gxf4 Bc8 27.Bf3 e6 28.Kh1 Kh8 29.Rg1 Qe7
30.Rg3 Rg8 31.Rag1 Rb8 32.Qb6 Bd7 33.Be1 Qd8 34.Qb4 Be8 35.Rh3 Bf7 36.Bh4 Qd7
37.Rhg3 Bg6 38.Bg5 Qf7 39.Qb6 Rgc8 40.Be2 Rg8 41.Rb1 h6 42.Rh3 Kh7 43.Rg1 Qd7
44.Qb4 Qf7 45.Qe1 Rbe8 46.Qh4 Qf8 47.Rb1 Rb8 48.Be7 Qf7 49.Rg1 Rbe8 50.Bf6 Qf8
51.Rxg6 Kxg6 52.Bh5+ Kh7 53.Bxe8 Qxe8 54.Bxg7 Rxg7 55.Qxh6+ Kg8 56.Qh8+ Kf7
57.Qxe8+ Kxe8 58.Rh8+ Kd7 59.h4 Rg3 60.h5 Ke7 61.Rh7+ Kd8 62.Rxb7 Rh3+ 63.Kg2
Rxh5 64.a6 Kc8 65.Re7 Kb8 66.Rxe6 Kc7 67.Re7+ Kb8 68.Rf7 Rh8 69.Kf3 Rc8 70.Ke2
Rh8 71.Kd3 Rg8 72.Kd4 Re8 73.Rxf5 Ka7 74.Rf6 Rc8 75.e6 Kxa6 76.e7 Re8 77.Rxc6+
{#r} 1-0

[Event "Olympiad"]
[Site "masterchessopen.com Habana (Cuba)"]
[Round "0"]
[White "Bilek Istvan (HUN)"]
[Black "Stein Leonid Z (UKR)"]
[Result "1-0"]
[WhiteElo "2375"]
[BlackElo "2620"]

1.Nf3 Nf6 2.g3 g6 3.Bg2 Bg7 4.O-O O-O 5.c4 c6 6.d4 d5 7.Nbd2 Bf5 8.b3 a5 9.Bb2
Ne4 10.Nh4 Nxd2 11.Qxd2 Be6 12.f4 Qd7 13.e4 dxe4 14.Bxe4 Bh3 15.Rfe1 Na6
16.Rad1 Rfd8 17.Bf3 a4 18.bxa4 Nc5 19.a5 Qc7 20.Bc3 Na4 21.Ba1 Rxa5 22.f5 Bxf5
23.Rxe7 Qxe7 24.Qxa5 Bc2 25.Re1 Qd6 26.Qd2 Bxd4+ 27.Kh1 Bxa1 28.Qxc2 Qb4
29.Rxa1 Rd2 30.Qb3 Qxb3 31.axb3 Nc5 32.Rb1 Kg7 33.Kg1 f5 34.Bg2 Kf6 35.Nf3 Ra2
36.Ne1 Ne6 37.b4 Nd4 38.b5 cxb5 39.cxb5 b6 40.Rb4 Ne6 41.Nd3 g5 42.Rb2 Ra1+
43.Kf2 Ra3 44.Nb4 Nc5 45.Ke2 Na4 46.Rc2 Rb3 47.Nd3 Nc3+ 48.Ke3 h5 49.Bc6 Nxb5
50.Bxb5 Rxb5 51.Rc6+ Kg7 52.h4 f4+ 53.gxf4 gxh4 54.Ne5 h3 55.Rg6+ Kh7 56.Rg5
Rb3+ 57.Ke4 Kh6 58.Kf5 Rb2 59.Nf7+ Kh7 60.Kf6 {#r} 1-0

[Event "Olympiad"]
[Site "masterchessopen.com Habana (Cuba)"]
[Round "0"]
[White "Olafsson Fridrik (ISL)"]
[Black "Uhlmann Wolfgang (GER)"]
[Result "0-1"]
[WhiteElo "2434"]
[BlackElo "2379"]

1.d4 Nf6 2.Nf3 g6 3.c4 Bg7 4.g3 c6 5.Bg2 d5 6.Nbd2 O-O 7.O-O a5 8.Ne5 Nbd7
9.Ndf3 Nxe5 10.dxe5 Ne4 11.cxd5 cxd5 12.Be3 Be6 13.Rc1 Qd7 14.Qd4 Nd6 15.Bf4
h6 16.h4 a4 17.Qd3 Nc4 18.b3 axb3 19.axb3 Na5 20.Nd4 Rfd8 21.Rc2 Bh3 22.Qe3
Bxg2 23.Kxg2 Kh7 24.h5 Nc6 25.hxg6+ fxg6 26.Nxc6 bxc6 27.Bxh6 Bxh6 28.Rh1 g5
29.Qxg5 Qe6 30.Rxc6 Qxc6 31.Qxe7+ Kg8 32.e6 Qe8 33.Qf6 Qf8 34.Qe5 Ra7 35.Rh4
Kh7 36.Rh5 Re7 37.f4 Qg7 38.Qf5+ {#R} 0-1

[Event "Zt"]
[Site "masterchessopen.com Hague (Netherlands)"]
[Round "0"]
[White "Bilek Istvan (HUN)"]
[Black "Donner Jan-Hein (NED)"]
[Result "1-0"]
[WhiteElo "2375"]
[BlackElo "2430"]

1.Nf3 d5 2.g3 g6 3.Bg2 Bg7 4.d4 Nf6 5.O-O O-O 6.c4 c6 7.Nbd2 Ne4 8.Qb3 b6
9.cxd5 Qxd5 10.Nxe4 Qxe4 11.Qc3 Bb7 12.Be3 Qe6 13.Ng5 Qc8 14.Qb3 Nd7 15.Rac1
Nf6 16.Bf4 Qd7 17.Rfd1 Rac8 18.Bh3 Qd5 19.Qxd5 Nxd5 20.Bxc8 Rxc8 21.Nf3 Nxf4
22.gxf4 e6 23.Rc2 f6 24.Kg2 Bf8 25.Rdc1 Kf7 26.e3 Bd6 27.a3 a5 28.Kf1 Ke7
29.Ke2 Kd7 30.Nd2 Ba6+ 31.Ke1 Bb7 32.Rc3 a4 33.h4 Ra8 34.f3 Kc7 35.Kf2 Be7
36.R3c2 Ra5 37.Ne4 Kd7 38.Rh1 e5 39.dxe5 fxe5 40.Rd2+ Kc7 41.Ng5 exf4 42.Ne6+
Kb8 43.Nxf4 Bc8 44.Kg3 Rb5 45.Rc1 Kb7 46.Rc4 Rb3 47.Rxa4 Rxe3 48.Re4 Rxe4
49.fxe4 Kc7 50.Ng2 Bd6+ 51.Kf3 b5 52.Ne3 Be7 53.h5 Bf6 54.hxg6 hxg6 55.Ng4 Be7
56.Kf4 g5+ 57.Kf3 Be6 58.Ne3 Bd6 59.Rc2 Kd7 60.Nf5 Be5 61.Kg4 Bf4 62.Rf2 Bc1
63.Rh2 Bf4 64.Rh7+ Kd8 65.Kf3 c5 66.Ra7 Bd7 67.Ne3 Be5 68.b3 Bc6 69.Rf7 Bb2
70.Rf5 Bxa3 71.Rxg5 Ke7 72.Nc2 Bb2 73.Rxc5 Bd7 74.Ke3 Kd6 75.Rd5+ Ke7 76.Nd4
b4 77.Kd3 {#r} 1-0

[Event "Ch Great Britain"]
[Site "masterchessopen.com Bristol (England)"]
[Round "8"]
[White "Webb Simon (ENG)"]
[Black "Hartston William R (ENG)"]
[Result "0-1"]
[WhiteElo "2420"]
[BlackElo "2430"]

1.Nf3 g6 2.d4 Nf6 3.g3 Bg7 4.Bg2 O-O 5.O-O d5 6.Nbd2 c6 7.c4 Bf5 8.Qb3 Qb6
9.c5 Qc7 10.Ne5 Nfd7 11.Nxd7 Nxd7 12.Nf3 e5 13.Qc3 Rfe8 14.Be3 Be4 15.Rfe1 f5
16.Nxe5 Nxe5 17.Bf4 Bxg2 18.Kxg2 Qe7 19.Bxe5 Bxe5 20.dxe5 Qxe5 21.Qxe5 Rxe5
22.e3 Kf7 23.Rad1 Re4 24.a3 Rae8 25.Kf1 Rc4 26.Rc1 Ree4 27.b3 Rxc1 28.Rxc1 g5
29.Rc3 Ke6 30.f3 Re5 31.Kf2 g4 32.Rd3 gxf3 33.Kxf3 Re4 34.Rd2 Ke5 35.Rd3 a5
36.Rd2 a4 37.Rb2 d4 38.exd4+ Rxd4 39.Ke3 axb3 40.Rxb3 Ra4 41.Rxb7 Rxa3+ 42.Ke2
Ra2+ 43.Kd3 Rxh2 44.Rd7 Rh3 45.Re7+ Kd5 46.Ke3 Rxg3+ 47.Kf4 Rh3 48.Re5+ Kd4
49.Rxf5 Rh1 50.Kg3 Rc1 51.Rh5 Rxc5 {#R} 0-1

[Event "Ch Yugoslavia"]
[Site "masterchessopen.com Cateske Toplice (Yugoslavia)"]
[Round "1"]
[White "Dimitrijevic Milorad (SRB)"]
[Black "Mihaljcisin Mihajlo (SRB)"]
[Result "1-0"]
[WhiteElo "2286"]
[BlackElo "2280"]

1.Nf3 Nf6 2.c4 g6 3.g3 Bg7 4.Bg2 O-O 5.O-O c6 6.d4 d5 7.Nbd2 dxc4 8.Nxc4 Be6
9.Qc2 h6 10.Bf4 a5 11.Rfd1 Nbd7 12.Nfe5 Nb6 13.e4 Nxc4 14.Nxc4 Nd7 15.Be3 a4
16.Rac1 b5 17.Nd2 Ra6 18.a3 Qa5 19.Bf1 Rd8 20.Re1 Nb8 21.Nf3 Bb3 22.Qb1 Nd7
23.e5 Bd5 24.Bg2 Nf8 25.h4 Ne6 26.h5 g5 27.Qf5 Nf8 28.Bf1 Be6 29.Qe4 Bd5
30.Qf5 Be6 31.Qe4 Bd5 32.Qd3 Nd7 33.Bd2 Qb6 34.Bb4 Re8 35.e6 fxe6 36.Bh3 Nf8
37.Ne5 Raa8 38.Bc5 Qc7 39.f4 {#r} 1-0

[Event "Ch Czechoslovakia"]
[Site "masterchessopen.com Luhacovice (Czech Republic)"]
[Round "3"]
[White "Hort Vlastimil (GER)"]
[Black "Hlousek Zdenek (CZE)"]
[Result "1-0"]
[WhiteElo "2466"]
[BlackElo "1800"]

1.c4 Nf6 2.Nf3 g6 3.g3 Bg7 4.Bg2 c6 5.d4 d5 6.Nbd2 O-O 7.O-O dxc4 8.Nxc4 Be6
9.Qc2 Bf5 10.Qb3 Qc8 11.Bd2 Be6 12.Qd3 Bh3 13.Bxh3 Qxh3 14.Qb3 Qc8 15.Rac1
Nbd7 16.Na5 Nb6 17.Ne5 Nfd7 18.Nf3 e5 19.Bb4 Re8 20.Ng5 Nd5 21.e4 h6 22.Nxf7
{#r} 1-0

[Event "Ch URS (team)"]
[Site "masterchessopen.com Riga (Latvia)"]
[Round "0"]
[White "Litynska Marta (UKR)"]
[Black "Kobaidze Tsiuri (GEO)"]
[Result "1-0"]
[WhiteElo "2326"]
[BlackElo "2092"]

1.Nf3 d5 2.g3 g6 3.Bg2 Bg7 4.O-O Nf6 5.c4 c6 6.d4 O-O 7.Nbd2 Nbd7 8.b3 b6
9.Bb2 Bb7 10.Re1 c5 11.cxd5 Nxd5 12.e4 Nb4 13.Nc4 b5 14.Na3 a6 15.Qd2 Nc6
16.d5 Nb4 17.Bxg7 Kxg7 18.Nc2 Nxc2 19.Qxc2 Rc8 20.a4 Qb6 21.Qc3+ Kg8 22.Bf1
Ra8 23.Qd3 b4 24.Rac1 Qd6 25.Nd2 Ne5 26.Qe3 Rac8 27.f4 Nd7 28.Nc4 Qc7 29.Red1
Nb6 30.Bh3 Rcd8 31.Nxb6 Qxb6 32.Qxc5 Qxc5+ 33.Rxc5 e6 34.Rc7 Ba8 35.Rd4 exd5
36.e5 Rfe8 37.Bf1 Re6 38.Ra7 f6 39.exf6 Rxf6 40.Bxa6 Rfd6 41.Bb7 Bxb7 42.Rxb7
Rc8 43.Kg2 h5 44.Rbxb4 Kf7 45.a5 Rc2+ 46.Kh3 Rb2 47.Rb5 Rc6 48.Rdxd5 Rcc2
49.Kh4 Rxh2+ 50.Kg5 Rbg2 51.Rb7+ Ke6 52.Re5+ Kd6 53.Rb6+ Kd7 54.Kf6 {#r} 1-0

[Event "It (w)"]
[Site "masterchessopen.com Beltsy (Moldova)"]
[Round "0"]
[White "Dorfman Iossif D (FRA)"]
[Black "Kim Victor (RUS)"]
[Result "0-1"]
[WhiteElo "2580"]
[BlackElo "2089"]

1.Nf3 Nf6 2.g3 g6 3.Bg2 Bg7 4.O-O O-O 5.d4 d5 6.c4 c6 7.Nbd2 Nbd7 8.b3 Re8
9.Bb2 b5 10.cxb5 cxb5 11.Ne1 Nb6 12.Nd3 Bf5 13.Rc1 Bxd3 14.exd3 Qd6 15.Nf3 Bh6
16.Rc5 b4 17.Bc1 Bxc1 18.Qxc1 Rec8 19.Bh3 e6 20.Qg5 Nfd7 21.Rcc1 Qf8 22.Qf4
Rxc1 23.Rxc1 Rc8 24.Rxc8 Qxc8 25.Ng5 Qe8 26.Qd6 h6 27.Nf3 Qf8 28.Qc7 Qb8
29.Qc1 Kg7 30.Kg2 Qc8 31.Qxc8 Nxc8 32.Ne5 Nb8 33.f4 Nd6 34.g4 Nb5 35.f5 g5
36.fxe6 fxe6 37.Kf2 Nc3 38.Ke3 Nxa2 39.Kd2 Nc3 40.Bg2 a5 41.Bf3 Nb5 42.Ke3 Nc3
43.Kd2 Kf6 44.Bd1 Nb5 45.Ke3 Na7 46.Bc2 Nac6 47.Nf3 Na6 48.Bd1 Nc7 49.h4 gxh4
50.Nxh4 Nb5 51.Nf3 Nc3 52.Bc2 e5 53.dxe5+ Nxe5 54.g5+ hxg5 55.Nh2 d4+ 56.Kxd4
g4 57.Ke3 g3 58.Nf3 Nd5+ 59.Ke4 Nxf3 60.Kxf3 g2 61.Kf2 Ne3 {#R} 0-1

[Event "Zt"]
[Site "masterchessopen.com Quito (Ecuador)"]
[Round "0"]
[White "Garcia Martinez Silvino (CUB)"]
[Black "Campos Lopez Mario (MEX)"]
[Result "1-0"]
[WhiteElo "2319"]
[BlackElo "2346"]

1.Nf3 Nf6 2.c4 g6 3.g3 Bg7 4.Bg2 O-O 5.d4 c6 6.O-O d5 7.Nbd2 Ne4 8.Qb3 Qb6
9.cxd5 Qxb3 10.axb3 cxd5 11.Nxe4 dxe4 12.Ne5 f6 13.Nc4 f5 14.Nb6 axb6 15.Rxa8
Na6 16.Be3 Nc7 17.Rxc8 Rxc8 18.Rc1 Kf7 19.f3 Ke8 20.fxe4 fxe4 21.Bh3 e6
22.Bxe6 Nxe6 23.Rxc8+ Kd7 24.Rb8 Kc7 25.Rg8 Bxd4 26.Bxd4 Nxd4 27.Rg7+ Kc6
28.Rxh7 Nxe2+ 29.Kf2 Nd4 30.Ke3 {#r} 1-0

[Event "Ch URS (1/2 final)"]
[Site "masterchessopen.com Voronezh (Russia)"]
[Round "0"]
[White "Osnos Viatcheslav (RUS)"]
[Black "Sakharov Yuri N (RUS)"]
[Result "1-0"]
[WhiteElo "2384"]
[BlackElo "2475"]

1.d4 d5 2.c4 c6 3.Nf3 Nf6 4.Nbd2 g6 5.g3 Bg7 6.Bg2 O-O 7.O-O Na6 8.b3 Ne4
9.Bb2 Nxd2 10.Qxd2 Bf5 11.Nh4 Be6 12.Rac1 Bf6 13.Rfe1 Qd7 14.Nf3 Rfd8 15.e4
dxe4 16.Rxe4 Qe8 17.Rce1 Qf8 18.Qa5 Nb8 19.Rxe6 fxe6 20.Ng5 b6 21.Qd2 Qh6
22.f4 e5 23.Bh3 Qh5 24.Be6+ Kf8 25.g4 Qh4 26.Nf3 Qh3 27.fxe5 Bg7 28.Qf4+ {#r}
1-0

[Event "Ch Great Britain"]
[Site "masterchessopen.com Coventry (England)"]
[Round "9"]
[White "McDonald-Ross Michael (SCO)"]
[Black "Hartston William R (ENG)"]
[Result "0-1"]
[WhiteElo "2169"]
[BlackElo "2430"]

1.c4 g6 2.g3 Bg7 3.Bg2 Nf6 4.Nf3 O-O 5.d4 c6 6.O-O d5 7.Nbd2 Bf5 8.b3 Ne4
9.Bb2 Qa5 10.Qc1 Nd7 11.Nxe4 Bxe4 12.Bc3 Qa6 13.cxd5 cxd5 14.Qb2 Rfc8 15.Rfc1
e6 16.e3 Bf8 17.Qd2 Qd3 18.Qxd3 Bxd3 19.Bb2 a5 20.Ne1 Ba6 21.Rxc8 Rxc8 22.Rc1
Rxc1 23.Bxc1 Nb8 24.Bf1 Bxf1 25.Kxf1 Nc6 26.Bd2 Bd6 27.Ke2 Kf8 28.Kd3 Ke7
29.e4 dxe4+ 30.Kxe4 Bb4 31.Nf3 f5+ 32.Kd3 Bxd2 33.Nxd2 Nb4+ 34.Kc4 Nxa2 35.d5
exd5+ 36.Kxd5 Nb4+ 37.Kc4 Kd6 38.Kb5 Nd5 39.Nc4+ Kc7 40.Nxa5 Nc3+ 41.Kc4 Nd1
42.Kd4 Nxf2 43.Nc4 Ng4 44.h4 Nf6 45.Ne5 Nh5 46.g4 fxg4 47.Nxg4 Kd6 48.Ne5 Ng3
49.Nf3 b5 50.b4 h6 51.Kd3 Kd5 52.Nd4 Nf5 53.Nxb5 Nxh4 54.Nc3+ Ke5 55.b5 Nf5
56.b6 Nd6 57.Nb5 h5 58.Nd4 g5 59.Nf3+ Kf4 60.Ke2 g4 61.Nd2 h4 62.Kf2 g3+
63.Kg2 Kg4 64.Nc4 h3+ 65.Kg1 Nxc4 66.b7 Ne5 67.b8=Q Nf3+ 68.Kf1 g2+ 69.Ke2
g1=Q 70.Qg8+ Ng5 71.Qc4+ Kh5 72.Qa4 Qg2+ 73.Kd3 Qe4+ {#R} 0-1